000 00979nam a2200241 a 4500
001 000022290
005 20200930011653.0
008 100921s1980 dr ac r 001 0 spa d
040 _aDO-SdBNP
_bspa
_cBNPHU
082 _a364.154
_aT554r
100 1 _aTiburcio Sabino, Tito Livio,
_d1945-
_946047
245 1 0 _aRehén :
_btestimonios de Tito Livio, rehén del M-19, 40 días en la Embajada Dominicana en Bogotá Colombia /.
246 1 3 _aRehén, testimonios de Tito Livio, rehén del M-19:
_bcuarenta días en la Embajada Dominicana en Bogotá Colombiano
260 _aSanto Domingo :
_bPublicaciones América,
_c1980.
300 _a111 p. :
_bil. retrs. ;
_c21 cm.
590 _aInventariado, 2018/BT
610 2 4 _aM-19 (GRUPO GERRILLERO COLOMBIANO)
_946048
650 4 _aSecuestro
_xRelatos personales
_946049
650 4 _aRehénes
_95630
650 4 _aTerrorismo
_zColombia
_946050
650 4 _aDelitos contra la persona
_95831
910 _aValidado. Control de calidad. EMS
999 _c21788
_d21788